My life in crime (Record no. 1396)

000 -LEADER
fixed length control field 00386nam a22001577a 4500
003 - CONTROL NUMBER IDENTIFIER
control field OSt
005 - DATE AND TIME OF LATEST TRANSACTION
control field 20141002044959.0
008 - FIXED-LENGTH DATA ELEMENTS--GENERAL INFORMATION
fixed length control field 141002b xxu||||| |||| 00| 0 eng d
020 ## - INTERNATIONAL STANDARD BOOK NUMBER
International Standard Book Number 9966-46-192-2
050 ## - LIBRARY OF CONGRESS CALL NUMBER
Classification number PR 9381.9 .K5M9 1984
100 ## - MAIN ENTRY--PERSONAL NAME
Personal name Kiriamiti, John
245 ## - TITLE STATEMENT
Title My life in crime
Statement of responsibility, etc John Kiriamiti,.
260 ## - PUBLICATION, DISTRIBUTION, ETC. (IMPRINT)
Place of publication, distribution, etc Nairobi
Name of publisher, distributor, etc E.A.E.P
Date of publication, distribution, etc 1984
300 ## - PHYSICAL DESCRIPTION
Extent 216p.
942 ## - ADDED ENTRY ELEMENTS (KOHA)
Source of classification or shelving scheme
Koha item type Book
Holdings
Withdrawn status Lost status Source of classification or shelving scheme Damaged status Not for loan Home library Current library Shelving location Date acquired Total Checkouts Total Renewals Full call number Barcode Date last seen Date checked out Copy number Price effective from Koha item type
          Riara University Library Riara University Library General stack 02/10/2014 14 2 PR 9381.9 .K5M9 1984 4993/14 16/02/2017 30/01/2017 C.1 02/10/2014 Book

Riara University Library,
P.O. Box 49940-00100,
Nairobi, Kenya.